00884nam a22002177a 4500952016000000999001700160003000900177005001700186008004100203020001500244040002300259082001300282100002800295245011000323260005200433300003300485504005200518650001800570650006600588942001200654 00102ddc40718NFICaASLbASLcHCd2020-10-12eDonated by Prof. John B. HarrisonhV-3l0o954 TONp101710r2020-10-12 00:00:00tC-1w2020-10-12yBKzRARE c18518d18518BDDh-ASL20231015025718.0201012s1993 i ||||| |||| 00| 0 eng d a8185618216 aBDDh-ASLcBDDh-ASL a954bTON1 91354aTomlinson, B. R. 14aThe New Cambridge History of India, Vol-3: bthe Economy of Modern India 1860-1970/cby B. R. Tomlinson.  aNew Delhi:bCambridge University Press, c1993. av-3, xvii, 235 p. :c23 cm.  aIncludes bibliographical references and index.  091349aHistory 09960aIndian HistoryxPolitics and Government xEconomyzIndia 2ddccBK